书目信息 |
| 题名: |
FreeHand 10标准培训教程(配光盘)
|
|
| 作者: | 叶立霳 , 吴玫瑛 编著 | |
| 分册: | ||
| 出版信息: | 北京 电子工业出版社 2002.01 |
|
| 页数: | 248页 | |
| 开本: | 26cm | |
| 丛书名: | ||
| 单 册: | ||
| 中图分类: | TP391.41 | |
| 科图分类: | ||
| 主题词: | 计算机应用 | |
| 电子资源: | ||
| ISBN: | 7-5053-7400-1 | |
| 000 | 00663nam0 2200205 45 | |
| 001 | 0229476103 | |
| 005 | 2002052008111604 | |
| 010 | @a7-5053-7400-1@dRMB 28.00 | |
| 100 | @a20020520d2002 km y0chiy0120 ea | |
| 101 | 0 | @achi |
| 102 | @aCN@b110000 | |
| 200 | 1 | @aFreeHand 10标准培训教程(配光盘)@AFreeHand 10 Biao Zhun Pei Xun Jiao Cheng(Pei Guang Pan)@f叶立霳,吴玫瑛编著@FYe Li Long,Wu Mei Ying Bian Zhu |
| 210 | @a北京@c电子工业出版社@d2002.01 | |
| 215 | @a248页@d26cm | |
| 606 | 0 | @a计算机应用 |
| 690 | @aTP391.41@v3 | |
| 701 | 0 | @a叶立霳@AYe Li Long@4编著 |
| 701 | 0 | @a吴玫瑛@AWu Mei Ying@4编著 |
| 801 | 0 | @aCN@bPFT@c20020520 |
| 905 | @a安徽大学@dTP391.41@eY439 | |
| FreeHand 10标准培训教程(配光盘)/叶立霳,吴玫瑛编著.-北京:电子工业出版社,2002.01 |
| 248页;26cm |
| ISBN 7-5053-7400-1:RMB 28.00 |
| ● |
| 相关链接 |
|
|
|
正题名:FreeHand 10标准培训教程(配光盘)
索取号:TP391.41/Y439
 
预约/预借
| 序号 | 登录号 | 条形码 | 馆藏地/架位号 | 状态 | 备注 |
| 1 | 354795 | 203547956 | 期刊室512/301自科库 68排1列3层/ [索取号:TP391.41/Y439] | 在馆 | |
| 2 | 354796 | 203547965 | 自科库301/ [索取号:TP391.41/Y439] | 在馆 |